Culture Générale - Série 2382 - Statistiques

Statistiques générales
  • Ce quiz a été pris 115 fois
  • Le résultat moyen est 3 sur 10
Statistiques - réponses
Question Réponse % Correct
Quel est le prénom du Président de la République qui a inauguré le viaduc de Millau en 2004 ? Jacques
87%
De quel pays Windhoek est-elle la capitale ? Namibie
70%
Le passage du Gois relie le continent à l’île de… Noirmoutier
44%
Quel est le prénom de l'acteur né à Cherbourg en 1913 qui a joué dans ces 3 films ? Jean
39%
Dans quel département se situe la célèbre barrière de péage de Saint-Arnoult ? Yvelines
31%
Quel était le prénom du général allemand, lors de la seconde guerre mondiale, surnommé "Le renard du désert" ? voir photo Erwin
20%
Quel est le prénom du réalisateur des films " Le bossu"-"Le capitan" -"Les mystères de Paris" ? André
15%
Le viaduc de Millau, portant l'autoroute A75, permet la jonction entre Clermont-Ferrand et ... Béziers
12%
Quel col pyrénéen traversé par l’A9 marque la frontière entre la France et l’Espagne ? Perthus
10%
Inauguré en 1965, le tunnel du Mont-Blanc relie Chamonix à quelle ville italienne ? Courmayeur
5%
Aucun quiz correspondant
Distribution des résultats
% des personnes avec chaque résultat
Percentile par nombre de réponses
Votre historique - résultats
Vous n’avez pas pris ce quiz